Geography Quiz

Random Geography or City Quiz

Find 7 Cities: Himalayas Quiz Stats

 Plays Quiz not verified by Sporcle

Score 0/7 Timer 03:00
0 Plays Today
% Correct
Lhasa
91.7%
Islamabad
90.9%
Puta-o
89.3%
Lucknow
86.2%
Kathmandu
82%
Dinajpur
78.5%
Thimphu
76.9%

You're not logged in!

Compare scores with friends on all Sporcle quizzes.
OR
Log In

Show Comments

Extras

Top Quizzes Today


Score Distribution

Your Account Isn't Verified!

In order to create a playlist on Sporcle, you need to verify the email address you used during registration. Go to your Sporcle Settings to finish the process.

Report this User

Report this user for behavior that violates our Community Guidelines.

Details: